[Event "SVK-chT1W 2425"]
[Site "Slovakia"]
[Date "2024.12.07"]
[Round "3.4"]
[White "Chovan, Milan"]
[Black "Valent, Ivan"]
[Result "1/2-1/2"]
[WhiteElo "2329"]
[BlackElo "2113"]
[PlyCount "73"]
[EventDate "2024.11.16"]
[EventType "team-tourn"]
[EventRounds "11"]
[EventCountry "SVK"]
[SourceTitle "CB14_2025"]
[SourceDate "2024.11.01"]
[SourceVersion "1"]
[SourceVersionDate "2024.11.01"]
[SourceQuality "1"]
[WhiteTeam "Nitra K CERO INVEST"]
[BlackTeam "Bratislava Slovan II"]
[WhiteTeamCountry "SVK"]
[BlackTeamCountry "SVK"]

1. d4 Nf6 2. c4 d6 3. Nf3 Nbd7 4. Nc3 e5 5. e4 c6 6. Be2 Be7 7. 0-0 0-0 8. Rb1 Re8 9. d5 Nc5 10. Qc2 a5 11. Be3 Qc7 12. Nd2 Ng4 13. Bxg4 Bxg4 14. b3 h6 15. f3 Bc8 16. Rfd1 Rf8 17. Bf2 Nd7 18. Nf1 g6 19. dxc6 bxc6 20. Qd2 Kg7 21. Be3 Rh8 22. Na4 Rb8 23. Rbc1 Nf8 24. c5 dxc5 25. Nxc5 Ne6 26. Qc3 Rd8 27. Rxd8 Bxd8 28. Nd2 Be7 29. Nxe6+ Bxe6 30. Nc4 Rb5 31. f4 f6 32. fxe5 fxe5 33. Nd2 Bf7 34. Qxc6 Qxc6 35. Rxc6 a4 36. Rb6 Bg5 37. Rxb5 1/2-1/2

[Event "SVK-chT1W 2425"]
[Site "Slovakia"]
[Date "2024.11.16"]
[Round "1.7"]
[White "Valent, Ivan"]
[Black "Kosticky, Simon"]
[Result "1/2-1/2"]
[WhiteElo "2104"]
[BlackElo "1959"]
[PlyCount "36"]
[EventDate "2024.11.16"]
[EventType "team-tourn"]
[EventRounds "11"]
[EventCountry "SVK"]
[SourceTitle "CB51_2024"]
[SourceDate "2024.12.18"]
[SourceVersion "1"]
[SourceVersionDate "2024.12.18"]
[SourceQuality "1"]
[WhiteTeam "Bratislava Slovan II"]
[BlackTeam "Cifer"]
[WhiteTeamCountry "SVK"]
[BlackTeamCountry "SVK"]

1. e4 c5 2. Nf3 Nc6 3. g3 g6 4. Bg2 Bg7 5. 0-0 Nf6 6. d3 0-0 7. Nbd2 d6 8. c3 Bg4 9. h3 Bxf3 10. Nxf3 b5 11. Re1 Qc7 12. d4 Nd7 13. Be3 Rab8 14. Rc1 Na5 15. b3 Rb6 16. e5 dxe5 17. dxc5 Rbb8 18. Nd2 Rfd8 1/2-1/2

[Event "SVK-chT1W 2324"]
[Site "Slovakia"]
[Date "2023.11.26"]
[Round "4.5"]
[White "Jakubek, Peter"]
[Black "Valent, Ivan"]
[Result "1/2-1/2"]
[WhiteElo "2103"]
[BlackElo "2099"]
[PlyCount "26"]
[EventDate "2023.10.21"]
[EventType "team-tourn"]
[EventRounds "11"]
[EventCountry "SVK"]
[SourceTitle "EXT 2025"]
[Source "ChessBase"]
[SourceDate "2024.10.14"]
[SourceVersion "1"]
[SourceVersionDate "2024.10.14"]
[SourceQuality "1"]
[WhiteTeam "Povazska Bystrica"]
[BlackTeam "Bratislava Slovan III"]
[WhiteTeamCountry "SVK"]
[BlackTeamCountry "SVK"]

1. d4 Nf6 2. Bg5 g6 3. Bxf6 exf6 4. e3 b6 5. Be2 Bb7 6. Bf3 Bxf3 7. Qxf3 Nc6 8. Nc3 f5 9. Nge2 Bg7 10. h3 h5 11. 0-0-0 Qg5 12. Nf4 0-0 13. Kb1 Ne7 1/2-1/2

[Event "SVK-chT2A 2223"]
[Site "Slovakia"]
[Date "2023.02.11"]
[Round "8.2"]
[White "Valent, Ivan"]
[Black "Beles, Milan"]
[Result "0-1"]
[WhiteElo "2100"]
[BlackElo "2063"]
[PlyCount "66"]
[EventDate "2022.10.08"]
[EventType "team-tourn"]
[EventRounds "11"]
[EventCountry "SVK"]
[SourceTitle "EXT 2024"]
[Source "ChessBase"]
[SourceDate "2023.10.10"]
[SourceVersion "1"]
[SourceVersionDate "2023.10.10"]
[SourceQuality "1"]
[WhiteTeam "Bratislava Slovan IV"]
[BlackTeam "Pezinok"]
[WhiteTeamCountry "SVK"]
[BlackTeamCountry "SVK"]

1. e4 c5 2. Nf3 Nf6 3. d3 d5 4. Nbd2 Bg4 5. Be2 Nc6 6. 0-0 e6 7. c3 Be7 8. a3 0-0 9. Re1 h6 10. Qc2 Rc8 11. Nf1 Bh5 12. Ng3 Bg6 13. Nd2 Qc7 14. Bf1 Rfd8 15. Nf3 Bd6 16. exd5 Nxd5 17. Ne4 Be7 18. b3 Nf6 19. Nxf6+ Bxf6 20. Be3 Qd6 21. Rad1 Nd4 22. cxd4 cxd4 23. Qa2 dxe3 24. fxe3 Rc3 25. Rc1 Rdc8 26. Rxc3 Rxc3 27. d4 Rc2 28. Qa1 Qc6 29. Qd1 Qc3 30. e4 Bh5 31. Bd3 Bxd4+ 32. Kh1 Bxf3 33. Qxc2 Qxe1+ 0-1

[Event "SVK-chT1W 2223"]
[Site "Slovakia"]
[Date "2023.02.05"]
[Round "9.7"]
[White "Valent, Ivan"]
[Black "Durana, Jonas"]
[Result "0-1"]
[WhiteElo "2100"]
[BlackElo "1852"]
[PlyCount "78"]
[EventDate "2022.10.15"]
[EventType "team-tourn"]
[EventRounds "11"]
[EventCountry "SVK"]
[SourceTitle "EXT 2024"]
[Source "ChessBase"]
[SourceDate "2023.10.10"]
[SourceVersion "1"]
[SourceVersionDate "2023.10.10"]
[SourceQuality "1"]
[WhiteTeam "Bratislava Slovan II"]
[BlackTeam "Bratislava KSN"]
[WhiteTeamCountry "SVK"]
[BlackTeamCountry "SVK"]

1. e4 e6 2. d3 d5 3. Nd2 Nf6 4. Ngf3 b6 5. g3 Bb7 6. e5 Ng8 7. Bg2 Nd7 8. 0-0 Ne7 9. Re1 c5 10. c4 d4 11. b4 Nc6 12. b5 Ne7 13. a4 a6 14. bxa6 Rxa6 15. Ne4 Bxe4 16. Rxe4 h6 17. Re1 Nc6 18. h4 Be7 19. Bf4 Qc7 20. h5 0-0 21. Qd2 Rfa8 22. g4 Rxa4 23. Rxa4 Rxa4 24. g5 hxg5 25. Bxg5 Qd8 26. Qf4 Nb4 27. Rd1 Ra3 28. Bxe7 Qxe7 29. Ne1 Nf8 30. Be4 f5 31. exf6 Qxf6 32. Qg4 e5 33. Nf3 Qf4 34. Qxf4 exf4 35. Ng5 Nd7 36. Ne6 Nf6 37. Bg6 Ng4 38. Nxf4 Ne5 39. Re1 Nf3+ 0-1

[Event "SVK-chT1W 2223"]
[Site "Slovakia"]
[Date "2022.12.04"]
[Round "6.5"]
[White "Salgovic, Simon"]
[Black "Valent, Ivan"]
[Result "1/2-1/2"]
[WhiteElo "2046"]
[BlackElo "2100"]
[PlyCount "26"]
[EventDate "2022.10.15"]
[EventType "team-tourn"]
[EventRounds "11"]
[EventCountry "SVK"]
[SourceTitle "EXT 2024"]
[Source "ChessBase"]
[SourceDate "2023.10.10"]
[SourceVersion "1"]
[SourceVersionDate "2023.10.10"]
[SourceQuality "1"]
[WhiteTeam "Bratislava Doprastav"]
[BlackTeam "Bratislava Slovan II"]
[WhiteTeamCountry "SVK"]
[BlackTeamCountry "SVK"]

1. e4 c5 2. Nf3 Nc6 3. d4 cxd4 4. Nxd4 e5 5. Nb5 d6 6. N1c3 a6 7. Na3 b5 8. Nd5 Nge7 9. Be3 Nxd5 10. exd5 Ne7 11. c4 Nf5 12. Qd2 Nxe3 13. Qxe3 Qa5+ 1/2-1/2

[Event "SVK-ch rapid"]
[Site "Topolcany"]
[Date "2020.07.11"]
[Round "9"]
[White "Molnar, Erno"]
[Black "Valent, Ivan"]
[Result "0-1"]
[WhiteElo "1978"]
[BlackElo "2221"]
[PlyCount "58"]
[EventDate "2020.07.11"]
[EventType "swiss (rapid)"]
[EventRounds "9"]
[EventCountry "SVK"]
[SourceTitle "CBM 197 Extra"]
[Source "ChessBase"]
[SourceDate "2020.09.30"]
[SourceVersion "1"]
[SourceVersionDate "2020.09.30"]
[SourceQuality "1"]

1. e4 c5 2. Nf3 Nc6 3. d4 cxd4 4. Nxd4 e5 5. Nb5 d6 6. c4 Be7 7. N1c3 a6 8. Na3 Be6 9. Bd3 Rc8 10. 0-0 Bg5 11. Nc2 Bxc1 12. Rxc1 Nf6 13. Nd5 0-0 14. Nce3 Bxd5 15. cxd5 Nd4 16. Qd2 Qb6 17. Nc4 Qd8 18. Qb4 Nxe4 19. Bxe4 Ne2+ 20. Kh1 Nxc1 21. Nxd6 Nxa2 22. Qa3 Rc1 23. Rxc1 Nxc1 24. Nf5 Re8 25. d6 Ne2 26. Ne7+ Rxe7 27. Qh3 g6 28. Qd3 Rd7 29. Qa3 Qf6 0-1

[Event "SVK-ch rapid"]
[Site "Topolcany"]
[Date "2020.07.11"]
[Round "8"]
[White "Valent, Ivan"]
[Black "Chlpik, Martin"]
[Result "0-1"]
[WhiteElo "2221"]
[BlackElo "2066"]
[PlyCount "26"]
[EventDate "2020.07.11"]
[EventType "swiss (rapid)"]
[EventRounds "9"]
[EventCountry "SVK"]
[SourceTitle "CBM 197 Extra"]
[Source "ChessBase"]
[SourceDate "2020.09.30"]
[SourceVersion "1"]
[SourceVersionDate "2020.09.30"]
[SourceQuality "1"]

1. e4 c5 2. Nf3 d6 3. Bb5+ Bd7 4. Bxd7+ Qxd7 5. c4 Nf6 6. Nc3 g6 7. d4 cxd4 8. Nxd4 Bg7 9. f3 0-0 10. 0-0 Rc8 11. b3 d5 12. exd5 Nxd5 13. Nce2 Nc3 0-1

[Event "SVK-chT1W 1920"]
[Site "Slovakia"]
[Date "2020.06.20"]
[Round "10.3"]
[White "Valent, Ivan"]
[Black "Kalisky, Vladimir"]
[Result "1-0"]
[WhiteElo "2213"]
[BlackElo "2136"]
[PlyCount "93"]
[EventDate "2019.10.12"]
[EventType "team-tourn"]
[EventRounds "11"]
[EventCountry "SVK"]
[SourceTitle "EXT 2022"]
[Source "ChessBase"]
[SourceDate "2021.10.06"]
[SourceVersion "1"]
[SourceVersionDate "2021.10.06"]
[SourceQuality "1"]
[WhiteTeam "Bratislava Slovan III"]
[BlackTeam "Nitra NSK"]
[WhiteTeamCountry "SVK"]
[BlackTeamCountry "SVK"]

1. e4 e5 2. Bc4 Nf6 3. d4 Nc6 4. Nf3 exd4 5. 0-0 Nxe4 6. Nc3 Nxc3 7. Re1+ Be7 8. bxc3 0-0 9. cxd4 d5 10. Bb5 Bg4 11. c3 Bd6 12. Qd3 Qf6 13. Bg5 Qf5 14. Re3 h6 15. Qxf5 Bxf5 16. Bh4 Rfe8 17. Rae1 Rxe3 18. Rxe3 f6 19. Bg3 Kf7 20. Nd2 Bxg3 21. hxg3 Na5 22. f3 c6 23. Bf1 Re8 24. Kf2 Bc2 25. f4 Rxe3 26. Kxe3 Ke7 27. Be2 Kd6 28. Kf3 c5 29. dxc5+ Kxc5 30. Kg4 b5 31. Nf3 Nc4 32. Nd4 Bd1 33. Kf5 b4 34. Bxd1 Ne3+ 35. Kg6 Nxd1 36. Nb3+ Kc4 37. cxb4 Kxb4 38. Kxg7 Nc3 39. Kxf6 Nxa2 40. Nd4 Kc4 41. g4 Nc3 42. Ke5 Ne4 43. Nf5 a5 44. Ne3+ Kb3 45. Kxd5 a4 46. Kxe4 a3 47. Kd3 1-0

[Event "SVK-chT1W 1920"]
[Site "Slovakia"]
[Date "2020.01.25"]
[Round "7.5"]
[White "Valent, Ivan"]
[Black "Slacky, Stanislav"]
[Result "1-0"]
[WhiteElo "2202"]
[BlackElo "2106"]
[PlyCount "68"]
[EventDate "2019.10.12"]
[EventType "team-tourn"]
[EventRounds "11"]
[EventCountry "SVK"]
[SourceTitle "CBM 194 Extra"]
[Source "ChessBase"]
[SourceDate "2020.03.31"]
[SourceVersion "1"]
[SourceVersionDate "2020.03.31"]
[SourceQuality "1"]
[WhiteTeam "Bratislava Slovan III"]
[BlackTeam "Bratislava Lokomotiva"]
[WhiteTeamCountry "SVK"]
[BlackTeamCountry "SVK"]

1. e4 Nf6 2. e5 Nd5 3. Nf3 d6 4. d4 dxe5 5. Nxe5 c6 6. Be2 Nd7 7. c4 N5f6 8. Nf3 g6 9. Nc3 Bg7 10. 0-0 0-0 11. Bf4 Nh5 12. Bg5 Bf6 13. Be3 Qc7 14. Qd2 Bg7 15. Rfd1 f5 16. Bh6 Ndf6 17. Bxg7 Kxg7 18. d5 Bd7 19. Rac1 Rae8 20. c5 cxd5 21. Nxd5 Nxd5 22. Qxd5 Nf4 23. Qd4+ Rf6 24. Bf1 Bc6 25. Ne5 Ne6 26. Qc3 Nf4 27. b4 a6 28. Re1 Nd5 29. Qd4 f4 30. Ng4 e5 31. Nxe5 Nxb4 32. Ng4 Nd5 33. Rxe8 f3 34. Nxf6 Nxf6 1-0

[Event "SVK-chT1W 1819"]
[Site "Slovakia"]
[Date "2019.03.17"]
[Round "11.5"]
[White "Valent, Ivan"]
[Black "Beres, Lukas"]
[Result "1-0"]
[WhiteElo "2182"]
[BlackElo "2069"]
[PlyCount "71"]
[EventDate "2018.10.27"]
[EventType "team-tourn"]
[EventRounds "11"]
[EventCountry "SVK"]
[SourceTitle "CBM 189 Extra"]
[Source "ChessBase"]
[SourceDate "2019.05.31"]
[SourceVersion "1"]
[SourceVersionDate "2019.05.31"]
[SourceQuality "1"]
[WhiteTeam "Bratislava Slovan III"]
[BlackTeam "Nitra NSK"]
[WhiteTeamCountry "SVK"]
[BlackTeamCountry "SVK"]

1. e4 c6 2. d3 e5 3. Nf3 Nf6 4. g3 Be7 5. Bg2 d6 6. Nbd2 Nbd7 7. c3 0-0 8. 0-0 Ne8 9. d4 Qc7 10. Qe2 g6 11. Re1 Ng7 12. a4 Re8 13. Nc4 Ne6 14. Be3 Bf8 15. Qc2 b6 16. Rad1 Bb7 17. Ng5 b5 18. Nxe6 Rxe6 19. axb5 cxb5 20. Na3 a6 21. Qd3 Nb6 22. f4 exf4 23. Bxf4 Rae8 24. Nc2 Nc4 25. Rb1 Bg7 26. b3 Na5 27. c4 Qb6 28. Kh1 R6e7 29. cxb5 axb5 30. d5 Ba8 31. Be3 Qb8 32. Nd4 Rb7 33. Bd2 Qc7 34. Nxb5 Qc5 35. Bf1 Qb6 36. b4 1-0

[Event "SVK-chT1W 1819"]
[Site "Slovakia"]
[Date "2019.03.16"]
[Round "10.5"]
[White "Levay, Sorin"]
[Black "Valent, Ivan"]
[Result "1/2-1/2"]
[WhiteElo "2242"]
[BlackElo "2182"]
[PlyCount "125"]
[EventDate "2018.10.27"]
[EventType "team-tourn"]
[EventRounds "11"]
[EventCountry "SVK"]
[SourceTitle "CBM 189 Extra"]
[Source "ChessBase"]
[SourceDate "2019.05.31"]
[SourceVersion "1"]
[SourceVersionDate "2019.05.31"]
[SourceQuality "1"]
[WhiteTeam "Nitra ASK"]
[BlackTeam "Bratislava Slovan III"]
[WhiteTeamCountry "SVK"]
[BlackTeamCountry "SVK"]

1. Nf3 Nf6 2. g3 d6 3. Bg2 e5 4. c4 Be7 5. Nc3 Nbd7 6. d3 c6 7. 0-0 Nf8 8. c5 Ng6 9. cxd6 Qxd6 10. Rb1 0-0 11. b4 Rd8 12. Bd2 h6 13. b5 c5 14. Qa4 Bd7 15. Ne1 a6 16. Qc2 Rab8 17. Be3 Nf8 18. Bc1 Ne6 19. e3 axb5 20. Nxb5 Bxb5 21. Rxb5 Nc7 22. Rxb7 Ncd5 23. Rxb8 Qxb8 24. a3 Qb5 25. Nf3 Bd6 26. Nd2 Nb6 27. Nc4 e4 28. Nxd6 Rxd6 29. dxe4 c4 30. f4 Rd3 31. h3 Nfd7 32. e5 Nc5 33. Rf2 Qb3 34. Bf1 Rc3 35. Qd2 Nd3 36. Bxd3 cxd3 37. Rf1 Nc4 38. Qg2 d2 39. Bxd2 Nxd2 40. Qxd2 Rxe3 41. Rf2 Rxg3+ 42. Rg2 Qxa3 43. Qd8+ Kh7 44. Qc8 Qe3+ 45. Kh2 Rxg2+ 46. Kxg2 Qxf4 47. Qc2+ Kg8 48. Qc8+ Kh7 49. Qc2+ g6 50. Qc3 Qe4+ 51. Kg3 g5 52. Kf2 Kg6 53. Qc7 Qf5+ 54. Kg2 Kh5 55. Qd6 Qf4 56. Qd1+ g4 57. Qd5 g3 58. Qd1+ Kg6 59. Qg4+ Qg5 60. Qe4+ Qf5 61. Qg4+ Qg5 62. Qe4+ Qf5 63. Qg4+ 1/2-1/2

[Event "SVK-chT1W 1819"]
[Site "Slovakia"]
[Date "2019.02.23"]
[Round "8.6"]
[White "Lukacovic, Miroslav"]
[Black "Valent, Ivan"]
[Result "1/2-1/2"]
[WhiteElo "1911"]
[BlackElo "2182"]
[PlyCount "81"]
[EventDate "2018.10.27"]
[EventType "team-tourn"]
[EventRounds "11"]
[EventCountry "SVK"]
[SourceTitle "CBM 189 Extra"]
[Source "ChessBase"]
[SourceDate "2019.05.31"]
[SourceVersion "1"]
[SourceVersionDate "2019.05.31"]
[SourceQuality "1"]
[WhiteTeam "Trnava Sered"]
[BlackTeam "Bratislava Slovan III"]
[WhiteTeamCountry "SVK"]
[BlackTeamCountry "SVK"]

1. d4 Nf6 2. Nf3 d6 3. g3 Nbd7 4. Bg2 e5 5. dxe5 dxe5 6. 0-0 Bc5 7. e3 0-0 8. b3 Qe7 9. Bb2 e4 10. Nfd2 b6 11. c4 Bb7 12. Nc3 Rfe8 13. Ncxe4 Nxe4 14. Nxe4 Bxe4 15. Bxe4 Qxe4 16. Qxd7 Red8 17. Qh3 Rd2 18. Bc1 Rd3 19. Qg2 f5 20. Qxe4 fxe4 21. Bb2 Rad8 22. Be5 c6 23. Rfe1 R8d7 24. Re2 Kf7 25. h4 Ke6 26. Bf4 Kf5 27. Kg2 Kg4 28. Rh1 g6 29. Be5 a5 30. Rb1 Kf5 31. Bf4 Kg4 32. Rc2 Bb4 33. Be5 Re7 34. Bd4 c5 35. Bb2 a4 36. bxa4 Ra7 37. a3 Bd2 38. Rd1 Rad7 39. Rb1 Ra7 40. Be5 Ba5 41. Bb2 1/2-1/2

[Event "SVK-chT1W 1819"]
[Site "Slovakia"]
[Date "2018.10.27"]
[Round "1.6"]
[White "Valent, Ivan"]
[Black "Veselsky, Jozef"]
[Result "1-0"]
[WhiteElo "2182"]
[BlackElo "2141"]
[PlyCount "67"]
[EventDate "2018.10.27"]
[EventType "team-tourn"]
[EventRounds "11"]
[EventCountry "SVK"]
[SourceTitle "CBM 187 Extra"]
[Source "ChessBase"]
[SourceDate "2018.11.04"]
[SourceVersion "1"]
[SourceVersionDate "2018.11.04"]
[SourceQuality "1"]
[WhiteTeam "Bratislava Slovan III"]
[BlackTeam "Dunajska Streda"]
[WhiteTeamCountry "SVK"]
[BlackTeamCountry "SVK"]

1. e4 c5 2. Nf3 Nc6 3. Bb5 g6 4. 0-0 Bg7 5. Re1 Nf6 6. c3 0-0 7. d4 cxd4 8. cxd4 Qb6 9. Nc3 d6 10. h3 a6 11. Bf1 Nd7 12. Be3 Qxb2 13. Na4 Qa3 14. Bc1 Qb4 15. Bd2 Qa3 16. Re3 Qxe3 17. Bxe3 b5 18. Rc1 Nd8 19. Nc3 Bb7 20. Bd3 Ne6 21. Nd5 Bxd5 22. exd5 Nd8 23. Rc7 Nb6 24. Qb3 e6 25. Be4 f5 26. dxe6 fxe4 27. e7+ Nc4 28. exf8Q+ Kxf8 29. Ng5 h6 30. Nxe4 Ne6 31. Rxc4 bxc4 32. Qxc4 Ke7 33. d5 Nf8 34. Qc7+ 1-0

[Event "SVK-chT1W 1718"]
[Site "Slovakia"]
[Date "2018.02.18"]
[Round "9.5"]
[White "Janko, Zoltan"]
[Black "Valent, Ivan"]
[Result "1/2-1/2"]
[WhiteElo "2241"]
[BlackElo "2181"]
[PlyCount "94"]
[EventDate "2017.10.21"]
[EventType "team-tourn"]
[EventRounds "11"]
[EventCountry "SVK"]
[SourceTitle "EXT 2019"]
[Source "ChessBase"]
[SourceDate "2018.10.10"]
[SourceVersion "1"]
[SourceVersionDate "2018.10.10"]
[SourceQuality "1"]
[WhiteTeam "Komarno KSC"]
[BlackTeam "Bratislava Slovan III"]
[WhiteTeamCountry "SVK"]
[BlackTeamCountry "SVK"]

1. e4 c5 2. Nf3 Nc6 3. b3 d6 4. Bb5 Bd7 5. Bb2 Nf6 6. Qe2 e5 7. c3 Be7 8. d4 0-0 9. dxc5 dxc5 10. Bxc6 Bxc6 11. Nbd2 Qc7 12. c4 Bd6 13. Nh4 Rfe8 14. f4 Nxe4 15. Nf5 Nxd2 16. Nxd6 Qxd6 17. fxe5 Qg6 18. Qxd2 Rad8 19. Qe2 Qg5 20. Bc3 Bxg2 21. Rg1 Qh4+ 22. Qf2 Qe4+ 23. Qe2 Qh4+ 24. Qf2 Qe4+ 25. Qe2 Rd3 26. Qxe4 Bxe4 27. Rg3 Red8 28. Rxd3 Rxd3 29. Rd1 Rxd1+ 30. Kxd1 Kf8 31. a3 Ke7 32. Kd2 Ke6 33. b4 cxb4 34. axb4 g5 35. Ke3 Bg2 36. Kf2 Bc6 37. Kg3 Kf5 38. Bd4 b6 39. b5 Bd7 40. c5 Bxb5 41. cxb6 axb6 42. Bxb6 Kxe5 43. Kg4 f6 44. h4 Be2+ 45. Kg3 h6 46. hxg5 hxg5 47. Bc7+ Ke4 1/2-1/2

[Event "SVK-chT1W 1718"]
[Site "Slovakia"]
[Date "2018.02.03"]
[Round "7.5"]
[White "Slacky, Stanislav"]
[Black "Valent, Ivan"]
[Result "1/2-1/2"]
[WhiteElo "2144"]
[BlackElo "2181"]
[PlyCount "29"]
[EventDate "2017.10.21"]
[EventType "team-tourn"]
[EventRounds "11"]
[EventCountry "SVK"]
[SourceTitle "EXT 2019"]
[Source "ChessBase"]
[SourceDate "2018.10.10"]
[SourceVersion "1"]
[SourceVersionDate "2018.10.10"]
[SourceQuality "1"]
[WhiteTeam "Bratislava Lokomotiva"]
[BlackTeam "Bratislava Slovan III"]
[WhiteTeamCountry "SVK"]
[BlackTeamCountry "SVK"]

1. d4 Nf6 2. c4 d6 3. Nf3 Nbd7 4. g3 e5 5. Nc3 c6 6. Bg2 Be7 7. 0-0 Qc7 8. e4 Nf8 9. h3 Ng6 10. Be3 Bd7 11. Rc1 Qc8 12. Kh2 h5 13. Rh1 h4 14. g4 Qc7 15. d5 1/2-1/2

[Event "SVK-chT1W 1718"]
[Site "Slovakia"]
[Date "2017.11.04"]
[Round "3.4"]
[White "Valent, Ivan"]
[Black "Ondrus, Martin"]
[Result "0-1"]
[WhiteElo "2181"]
[BlackElo "2261"]
[PlyCount "96"]
[EventDate "2017.10.21"]
[EventType "team-tourn"]
[EventRounds "11"]
[EventCountry "SVK"]
[SourceTitle "CBM 181 Extra"]
[Source "ChessBase"]
[SourceDate "2017.12.12"]
[SourceVersion "1"]
[SourceVersionDate "2017.12.12"]
[SourceQuality "1"]
[WhiteTeam "Bratislava Slovan III"]
[BlackTeam "Nitra NSK"]
[WhiteTeamCountry "SVK"]
[BlackTeamCountry "SVK"]

1. e4 c5 2. Nf3 d6 3. Bb5+ Nd7 4. 0-0 a6 5. Bd3 Ngf6 6. Re1 e5 7. a4 Be7 8. c3 0-0 9. Bf1 Re8 10. d4 exd4 11. cxd4 Bf8 12. Nc3 cxd4 13. Nxd4 h6 14. g3 Ne5 15. Bg2 Bg4 16. f3 Bd7 17. h3 g6 18. f4 Nc6 19. Be3 Rc8 20. Rc1 Nxd4 21. Bxd4 Bc6 22. Rc2 Bg7 23. Rd2 Qa5 24. Kh2 Qb4 25. e5 Nh5 26. Bxc6 Rxc6 27. exd6 Rxe1 28. Qxe1 Rxd6 29. Bxg7 Rxd2+ 30. Qxd2 Kxg7 31. Qe2 Nf6 32. Kg2 h5 33. Kf3 Qb6 34. Kg2 Qd4 35. Qf2 Qd3 36. Qf3 Qd2+ 37. Qf2 Qc1 38. Na2 Qc6+ 39. Kh2 Qxa4 40. Nc3 Qb4 41. Qd2 Qc5 42. Kg2 b5 43. Qd8 Qc6+ 44. Kh2 b4 45. Nd1 a5 46. Qd4 Qd5 47. Qxd5 Nxd5 48. Kg2 a4 0-1

[Event "SVK-chT1W 1516"]
[Site "Slovakia"]
[Date "2016.03.19"]
[Round "10.8"]
[White "Kutny, Marian"]
[Black "Valent, Ivan"]
[Result "0-1"]
[WhiteElo "1980"]
[BlackElo "2214"]
[PlyCount "98"]
[EventDate "2015.10.24"]
[EventType "team-tourn"]
[EventRounds "11"]
[EventCountry "SVK"]
[SourceTitle "EXT 2017"]
[Source "ChessBase"]
[SourceDate "2016.10.25"]
[SourceVersion "1"]
[SourceVersionDate "2016.10.25"]
[SourceQuality "1"]
[WhiteTeam "Dubnica nad Vahom"]
[BlackTeam "Bratislava Slovan III"]
[WhiteTeamCountry "SVK"]
[BlackTeamCountry "SVK"]

1. d4 Nf6 2. c4 d6 3. Nc3 e5 4. dxe5 dxe5 5. Qxd8+ Kxd8 6. Nf3 Nfd7 7. e4 f6 8. Be3 c6 9. a3 Kc7 10. Be2 a5 11. 0-0 Na6 12. Rfd1 Nb6 13. Bxb6+ Kxb6 14. Rd8 Rb8 15. Rad1 Be6 16. Rxb8 Nxb8 17. Kf1 Nd7 18. Ne1 Kc7 19. Nc2 Nb6 20. b3 Be7 21. h4 a4 22. Nxa4 Nxa4 23. bxa4 Ra8 24. Ne3 Rxa4 25. Rd3 Rxa3 26. Rxa3 Bxa3 27. Ke1 Bb4+ 28. Kd1 Bc5 29. Kd2 Bxe3+ 30. Kxe3 Kd6 31. Kd3 Kc5 32. Kc3 b6 33. g3 Bf7 34. Bd3 h6 35. f4 g5 36. hxg5 hxg5 37. fxg5 fxg5 38. Be2 Be6 39. Bf1 b5 40. cxb5 cxb5 41. Kd2 Bc4 42. Bh3 Kd4 43. Bf5 Bd3 44. Bd7 b4 45. Be8 Bxe4 46. Bf7 Bd3 47. Bb3 e4 48. Bd1 e3+ 49. Ke1 Kc3 0-1

[Event "SVK-chT2A 1516"]
[Site "Slovakia"]
[Date "2016.03.12"]
[Round "10.1"]
[White "Gabris, Ondrej"]
[Black "Valent, Ivan"]
[Result "0-1"]
[WhiteElo "2213"]
[BlackElo "2211"]
[PlyCount "134"]
[EventDate "2015.10.17"]
[EventType "team-tourn"]
[EventRounds "11"]
[EventCountry "SVK"]
[SourceTitle "EXT 2017"]
[Source "ChessBase"]
[SourceDate "2016.10.25"]
[SourceVersion "1"]
[SourceVersionDate "2016.10.25"]
[SourceQuality "1"]
[WhiteTeam "Pezinok"]
[BlackTeam "Bratislava Slovan IV"]
[WhiteTeamCountry "SVK"]
[BlackTeamCountry "SVK"]

1. e4 c5 2. d4 cxd4 3. c3 dxc3 4. Nxc3 Nc6 5. Nf3 e6 6. Bc4 d6 7. 0-0 Be7 8. Qe2 Nf6 9. Rd1 Bd7 10. Bg5 a6 11. h3 Qc7 12. Rac1 0-0 13. Bb3 h6 14. Bh4 Rfe8 15. Qd2 Qa5 16. Bxf6 Bxf6 17. Qxd6 Red8 18. Qf4 Be8 19. Qe3 Rac8 20. g4 Ne5 21. Nd4 Rxd4 22. Rxd4 Nf3+ 23. Qxf3 Bxd4 24. Qd3 Rd8 25. Qe2 Bc6 26. Rd1 Be5 27. Rd3 Rd4 28. Qd2 Qb4 29. f3 g5 30. Kg2 Kg7 31. Rxd4 Bxd4 32. Qd3 Be5 33. Qc4 Qd6 34. Qe2 Bd4 35. Qd3 Qe5 36. a4 b5 37. axb5 axb5 38. Qd2 Qc5 39. Nd1 b4 40. Qc2 Qxc2+ 41. Bxc2 Kf6 42. b3 Ke5 43. Bd3 Bd7 44. Kf1 Kf4 45. Kg2 Bc8 46. Bc4 f5 47. Bd3 fxg4 48. hxg4 Bd7 49. Bc4 e5 50. Nf2 Bxf2 51. Kxf2 Be8 52. Bd3 h5 53. gxh5 Bxh5 54. Be2 g4 55. fxg4 Bxg4 56. Bd3 Bd1 57. Bc4 Kxe4 58. Ke1 Bg4 59. Kd2 Kd4 60. Bf7 Bf3 61. Bg6 Bd5 62. Bc2 Be6 63. Bd1 e4 64. Bc2 Bf7 65. Bd1 e3+ 66. Kc2 Bg6+ 67. Kc1 Bd3 0-1

[Event "SVK-chT 1314"]
[Site "Slovakia"]
[Date "2013.11.09"]
[Round "1.8"]
[White "Valent, Ivan"]
[Black "Nguyen, Thai Dai Van"]
[Result "1/2-1/2"]
[WhiteElo "2202"]
[BlackElo "2176"]
[PlyCount "31"]
[EventDate "2013.11.09"]
[EventType "team-tourn"]
[EventRounds "11"]
[EventCountry "SVK"]
[SourceTitle "CBM 157 Extra"]
[Source "ChessBase"]
[SourceDate "2013.12.19"]
[SourceVersion "1"]
[SourceVersionDate "2013.12.19"]
[SourceQuality "1"]
[WhiteTeam "Bratislava Slovan II"]
[BlackTeam "Cadca"]
[WhiteTeamCountry "SVK"]
[BlackTeamCountry "SVK"]

1. e4 e6 2. d3 d5 3. Nd2 c5 4. Ngf3 Nc6 5. g3 Bd6 6. Bg2 Nge7 7. 0-0 0-0 8. c3 b6 9. Re1 Bb7 10. e5 Bc7 11. d4 Rc8 12. Nb3 cxd4 13. Nbxd4 Qd7 14. h4 Nf5 15. Bf4 Nfxd4 16. Nxd4 1/2-1/2